| 000 | 00891nam a22002295i 4500 | ||
|---|---|---|---|
| 001 | 183932 | ||
| 003 | ES-MaACL | ||
| 005 | 20230906222014.0 | ||
| 008 | 141202q18631900sp a |||| | spa d | ||
| 100 | 0 |
_aScribe, Eugène. _9104966 |
|
| 245 | 1 | 3 |
_aLa diplomático _b: comedia en dos actos / _cescrita en francés por E. Scribe y G. Delavigne ; traducción de A. Rodríguez. |
| 260 |
_a[Sl. : _bs.n., _c1863?] ( _fImpr. de Narciso Ramírez) |
||
| 300 |
_a11 p. : _bil. ; _c27 cm. |
||
| 594 | _aTit. tomado de comienzo de texto. | ||
| 594 | _aPrecede al tít.: Museo Dramático Ilustrado. | ||
| 596 | _aEl Museo Dramático Universal : colección de comedias escogidas, se publico en Barcelona en 1863. | ||
| 597 | _aTexto a dos col. | ||
| 599 | _aGrab. precede al tit. | ||
| 700 | 1 |
_aDelavigne, Germain. _9139024 |
|
| 700 | 0 |
_aRodríguez, A. _998199 |
|
| 852 |
_aES-MaACL _jT-1440-F-10 |
||
| 999 |
_c183932 _d183932 |
||